| 000 | 00846 a2200241 4500 | ||
|---|---|---|---|
| 001 | 13683 | ||
| 020 | _a9788508143566 | ||
| 020 | _qbroch. | ||
| 041 | _apor | ||
| 082 | _a028 | ||
| 250 | _a15.ed. | ||
| 520 | _aA obra explica por que um país precisa de um código de leis e como funciona o Estado. Além disso, aborda temas como direito das crianças e dos adolescentes e proteção do meio ambiente. | ||
| 697 | _aConstiutição | ||
| 856 | _u00002f/00002f0a.jpg | ||
| 040 |
_aBR-BrIDEA _cBR-BrIDEA |
||
| 090 |
_aP Year 3 028 _bIAC |
||
| 100 |
_aIacocca, Liliana _d1947-2004 |
||
| 245 | 1 | 0 |
_aEntre neste livro _ba Constituição para crianças _ctexto Liliana Iacocca ; ilustrações Michelle Iacocca |
| 260 |
_aSão Paulo _bÁtica _c2011 |
||
| 300 |
_a47 p. _bcol. ill. |
||
| 700 |
_aIacocca, Michele _d1942 _eilustradora |
||
| 942 | _cBK | ||
| 999 |
_c13683 _d13683 |
||